000 00666nam a22002177a 4500
001 84567
003 BD-RjUL
005 20250904123954.0
008 250101s1918 ii ||||| |||| 00| 0 urd d
035 _a(BD-RjUL) 84567
040 _aBD-RjUL
_beng
_cBD-RjUL
041 _aurd
082 _223
_a891.55109
_bNOS 1918
100 _aNomani, Shibli
245 1 0 _aشعرالعجم / Shiʻrʹal-ʻajam /
_cشبلی نعمانی. ;;; Shiblī Nuʻmānī ;
260 _a :(ہند)، دہلی
_b , انجمن ترقی اردو
300 _aV. ;
_c18 cm
505 _aVol. 2.--v-4.--v-5.--
650 _aPersian poetry
_v History and criticism
_912777
942 _2ddc
_cBK
999 _c84567
_d84567